|
|
|
|
| LEADER |
00979nam a2200277 a 4500 |
| 001 |
000915516 |
| 003 |
CZ BrMZK |
| 005 |
20081031134319.0 |
| 007 |
ta |
| 008 |
081007s1974 xr f |||| 0 cze d |
| 015 |
|
|
|a cnb000125827
|
| 035 |
|
|
|a (OCoLC)85241864
|
| 040 |
|
|
|a BOA001
|b cze
|
| 041 |
1 |
|
|a cze
|h slo
|
| 100 |
1 |
|
|a Mináč, Vladimír,
|d 1922-1996
|7 jn19990209553
|4 aut
|
| 245 |
1 |
0 |
|a Smrt chodí po horách /
|c Vladimír Mináč ; ze slov orig. přel. Marie Pilařová
|
| 250 |
|
|
|a 3. vyd. (v ČS 2.)
|
| 260 |
|
|
|a Praha :
|b Československý spisovatel,
|c 1974
|
| 300 |
|
|
|a 189 s.
|
| 700 |
1 |
|
|a Pilařová, Marie
|7 jk01093062
|4 trl
|
| 765 |
0 |
|
|t Smrť chodí po horách
|9 Česky
|
| 856 |
4 |
1 |
|u http://www.digitalniknihovna.cz/mzk/uuid/uuid:6b8572c0-4061-11e3-9c86-005056827e51
|y Digitalizovaný dokument
|x NDK
|
| 910 |
|
|
|a BOA001
|b 1-0719.491
|
| 990 |
|
|
|a BK
|
| 991 |
|
|
|b 200810
|
| 996 |
6 |
|
|b 2619526630
|c 1-0719.491
|l MZK
|r Sklad / do 1 hodiny
|n 0
|w 000915516
|u 000020
|a 1
|e BOA001
|j MZK50
|s P
|